| 000 | 01154 a2200169 4500 | ||
|---|---|---|---|
| 003 | NUST | ||
| 005 | 20230131153012.0 | ||
| 040 | _cNust | ||
| 082 | _a941.1,COL | ||
| 100 |
_aCole, D.H _948854 |
||
| 245 |
_aImperial Military geography / _cD. H. Cole |
||
| 260 |
_aLondon _bSifton Praed & Co _c1950 |
||
| 300 | _a316:p. | ||
| 505 | _aThe Problems Of Commonwealth Defence (Page-1), The Political Organization Of The British Commonwealth (Page-6), The Defence Forces Of The British Commonwealth (Page-21), Great Britain And Western Europe (Page-33), Britain And The Atlantic Ocean (Page-56), Great Britain And The Mediterranean Area (Page-76), Britain And The Middle East (Page-94), Egypt And The Anglo Egyptian Sudan (Page-126), Britain The Indian Ocean And India (Page-149), Problems Of The Pacific Ocean (Page-170), The Air Routes Of The Empire (Page-189), Cables And Wireless (Page-197), British Possessions In East Central And West Africa (Page-205), The Dominion Bases (Page-234), The Population Of The Commonwealth (Page-275), Natural Resources Of The Commonwealth (Page-283). | ||
| 650 |
_a Military geography _948855 |
||
| 942 |
_2ddc _cBK _k941.1,COL |
||
| 999 |
_c187264 _d187264 |
||